| 000 | 01191nam a2200277Ia 4500 | ||
|---|---|---|---|
| 999 |
_c5083 _d5083 |
||
| 003 | OSt | ||
| 005 | 20200515154003.0 | ||
| 008 | 191128s1998 ck aa gr 000 0 spa d | ||
| 040 |
_aCO-JMCR _cCO-JMCR |
||
| 041 | 0 | _aspa | |
| 082 | 0 | 4 |
_a310.76 / _bF655c _223 |
| 100 | 1 |
_aJoyce, Peter L., _eautor _94407 |
|
| 245 | 1 | 0 |
_aInforme sobre la misión de evaluación estadística multisectorial 4-20 noviembre de 1997 / _cPeter L. Joyce, Elizabeth Merino, Ricardo Puig [y otros 3] |
| 260 |
_a[Bogotá] : _bFondo Monetario Internacional, _c1998 |
||
| 300 |
_a178 páginas : _btablas, gráficos ; _c28 cm. |
||
| 490 | 0 | _aConfidencial | |
| 505 | _aResumen ejecutivo -- Plan de acción sectorial -- Desarrollo de estadísticas analíticamente significativas -- Normas especiales para la divulgación de datos -- Aspectos sectoriales e intersectoriales | ||
| 650 | 1 | 4 |
_aEstadísticas _94408 |
| 650 | 2 | 4 |
_a Estadísticas multisectoriales _94409 |
| 650 | 2 | 4 |
_aMisión de evaluación _94410 |
| 650 | 2 | 4 |
_aEstadística multisectorial _94411 |
| 650 | 2 | 4 |
_aSistemas de estadística _94412 |
| 700 | 1 |
_aMerino, Elizabeth, _eautora _94413 |
|
| 700 | 1 |
_aPuig, Ricardo, _eautora _94414 |
|
| 942 |
_2ddc _cBK |
||